Tiếp sau nỗi buồn( một người Mỹ giữa làng quê Việt Nam ) = After sorrow

Một cuốn sách giàu tính nhân bản, thẳng thắng và trung thực phản ánh về những con người Việt Nam bình thường đã làm nên kì tích trong cuộc kháng chiến chông Mỹ.

Uloženo v:
Podrobná bibliografie
Hlavní autor: Lady Borton
Médium: Kniha
Jazyk:Undetermined
Vydáno: Hà Nội Thế giới 1997
Témata:
Tagy: Přidat tag
Žádné tagy, Buďte první, kdo otaguje tento záznam!
Thư viện lưu trữ: Trung tâm Học liệu Trường Đại học Cần Thơ
LEADER 00863nam a2200193Ia 4500
001 CTU_22674
008 210402s9999 xx 000 0 und d
082 |a 818 
082 |b B739 
100 |a Lady Borton 
245 0 |a Tiếp sau nỗi buồn( một người Mỹ giữa làng quê Việt Nam ) 
245 0 |b = After sorrow 
245 0 |c Lady Borton; Dịch giả: Hà Quang Hiến 
260 |a Hà Nội 
260 |b Thế giới 
260 |c 1997 
520 |a Một cuốn sách giàu tính nhân bản, thẳng thắng và trung thực phản ánh về những con người Việt Nam bình thường đã làm nên kì tích trong cuộc kháng chiến chông Mỹ. 
650 |a american literature,war stories, vietnamese 
980 |a Trung tâm Học liệu Trường Đại học Cần Thơ